| 000 | 00518nam a22001937a 4500 | ||
|---|---|---|---|
| 003 | OSt | ||
| 005 | 20241029150820.0 | ||
| 008 | 241029b |||||||| |||| 00| 0 eng d | ||
| 020 | _a817035420x | ||
| 040 |
_aDDC _cMUST |
||
| 082 | _a638.1 SAT 2008 | ||
| 100 |
_aSathe T.V. _919294 |
||
| 245 |
_aFundamentals Of Beekeeping/ _cSathe T.V. |
||
| 260 |
_aIndia; _bDaya Publishing house, _c2006. |
||
| 300 |
_avii.,100p.: _bill; _c22cm. |
||
| 504 | _aIncludes Indexes | ||
| 650 |
_aAgriculture _94591 |
||
| 942 |
_2ddc _cO_SHELF |
||
| 999 |
_c9460 _d9460 |
||